| 000 | 01122nam a22002777a 4500 | ||
|---|---|---|---|
| 001 | BD-DhSAU 9278 | ||
| 003 | BD-DhSAU | ||
| 005 | 20221206153145.0 | ||
| 008 | 150613b2018 bg a|||| m||| 00| 0 eng d | ||
| 040 | _aBD-DhSAU | ||
| 082 |
_222 _a630 _bW136 |
||
| 100 |
_aWAHID, MD. TANVIR _eRegistration # 14-05852 |
||
| 245 |
_aCompetitive effect of free floating plants on weed control, growth and yield of transplanted aman rice / _bMS thesis |
||
| 260 |
_aSher-e-Bangla Agricultural University : _bDepartment of Agronomy, _c2021 |
||
| 300 |
_axiii, 127p. : _bill. ; _c30 cm. |
||
| 500 | _aMS thesis of Department of Agonomy, Faculty of Agriculture, Sher-e-Bangla Agricultural University, Dhaka, Bangladesh | ||
| 504 | _aIncludes bibliographical reference. | ||
| 590 | _aNazmul | ||
| 650 | _afree floating plants | ||
| 650 | _aweed control, | ||
| 651 | _atransplanted aman rice | ||
| 700 |
_aProf. Dr. Sheikh Muhammad Masum _eSuperviser |
||
| 700 |
_aProf. Dr. Hazrat Ali _eCo-superviser |
||
| 856 | _uhttp://archive.saulibrary.edu.bd:8080/xmlui/handle/123456789/4574 | ||
| 942 |
_2ddc _cTHESIS |
||
| 999 |
_c16298 _d16297 |
||